00460cam a22001814a 4500001000800000005001700008008004100025010001700066020001500083040001800098041000800116042000800124080001600132082002000148100000600168101000800174245009600182450576820180307040734.0980227s1999 pau 000 0 eng  a 98013993  a072164452X aDLCcDLCdDLC aeng apcc a612.39 mar00a612.39 mar221 a9 anut00aBiochemical and physiological aspects of human nutrition /c[edited by] Martha H. Stipanuk.